00908 a2200193 4500003000500000005001700005020001800022040000900040082001400049100002800063245005100091260003600142300001000178505033500188650002500523942002300548999001900571952012400590Nust20221202100352.0 a81-219-0414-5 cNust a539.7,SUB aSubrahmanyam, N9103962 aAtomic and Nuclear Physics / cN. Subrahmanyam aNew DelhibS . Chand & Coc2003 a551:p aElectron (Page-1), Positive Rays (Page-62), X-Rays And Photo Electricity (Page-84), Radio Activity (Page-141), Particle Accelerators (Page-192), Atomic Structure (Page-206), Nuclear Energy (Page-330), Quantum Physics (Page-373), Special Theory Relativity (Page-453), Statistical Mechanics (Page-503), Crystal Structure (Page-529). aNuclear Physics9259 2ddccBKk539.7,SUB c183982d183982 00102ddc4070aMCSbMCScGENd2016-12-12o 539.7,SUBpMCS30268r2016-12-08w2016-12-12yBKzAlmirah No.16, Shelf No.6